Countries ending in “D” - Statistics

General Stats
  • This quiz has been taken 468 times
  • The average score is 6 of 8
Answer Stats
No. Answer % Correct
2. Finland
91%
4. Ireland
89%
3. Iceland
88%
6. Poland
87%
8. Thailand
78%
7. Switzerland
75%
5. New Zealand
73%
1. Chad
61%
No matching quizzes found
Score Distribution
Percent of People with Each Score
Percentile by Number Answered
Your Score History
You have not taken this quiz